| 000 | 00452nam a2200181Ia 4500 | ||
|---|---|---|---|
| 008 | 221030s9999 xx 000 0 und d | ||
| 020 | _a007124476X | ||
| 041 | _aEnglish | ||
| 082 | _a105.23 | ||
| 100 | _aA. Silberchatz | ||
| 245 | 0 |
_aDatabase system concepts _cby A. Silberchatz, H. F. Korth |
|
| 250 | _a5th | ||
| 260 |
_bMcGraw Hill Pub. _aNew Delhi _c2006 |
||
| 300 | _a1142 | ||
| 650 | _aMBA Computers | ||
| 700 | _aH. F. Korth | ||
| 942 | _cBK | ||
| 999 |
_c6135 _d6135 |
||